|
|
|
|
| LEADER |
00000nam a22000007a 4500 |
| 005 |
20200714215557.0 |
| 007 |
cr|||| |||| |
| 008 |
200714s2020 mx |||||s|||| 00||0 spa d |
| 020 |
|
|
|a 978-368-726-909-0
|
| 035 |
|
|
|a 31793
|
| 040 |
|
|
|a vLex
|
| 090 |
|
|
|c 10625
|d 10625
|
| 100 |
1 |
|
|a Bolaǫs Linares, Rigel
|
| 245 |
1 |
0 |
|a Estrategias laborales para salvar a las PYMES ante el entorno econm̤ico actual 2020
|h [Recurso electrn̤ico] /
|c Rigel Bolaǫs Linares
|
| 256 |
|
|
|a Servicio en ln̕ea
|
| 260 |
|
|
|a Ciudad de Mx̌ico:
|b Ediciones Fiscales ISEF,
|c 2020
|
| 300 |
|
|
|a 1 recurso electrn̤ico
|
| 506 |
1 |
|
|a Disponible solo en los productos indicados
|d vLex Global
|d vLex Global (Academic Edition, excluding Law Schools)
|d vLex Global (U.S. Academic Edition, Law Schools)
|d vLex Global (U.S. Academic Edition, excluding Law Schools)
|d vLex Global (Academic Edition, Law Schools)
|
| 650 |
0 |
4 |
|a Derecho Laboral y Seguridad Social
|z Mx̌ico
|
| 650 |
0 |
4 |
|a Derecho Fiscal
|z Mx̌ico
|
| 740 |
0 |
|
|a vLex Libros (Servicio en ln̕ea)
|
| 856 |
4 |
0 |
|u http://vlex.com/source/estrategias-laborales-para-salvar-a-las-pymes-ante-el-entorno-economico-actual-2020-31793
|z Acceso restringido
|
| 942 |
|
|
|c BOOK
|
| 999 |
0 |
|
|a Labor Law and Social Security
|
| 999 |
0 |
|
|a Tax Law
|